| 000 | 01202nam a2200229 a 4500 | ||
|---|---|---|---|
| 001 | 000039737 | ||
| 005 | 20201002033715.0 | ||
| 008 | 130718s1985 sp 000 0 spa d | ||
| 020 | _a84-00-05986-7 (o.c.) | ||
| 020 | _a84-00-05984-0 (v.1) | ||
| 020 | _a84-00-05985-9 (v.2) | ||
| 040 |
_aDO-SdBNP _bspa _cBNPHU |
||
| 100 | 1 |
_aRamos Gómez, Luis J. _965931 |
|
| 245 | 1 | 0 |
_aEpoca, genesis y texto de las "noticias secretas de America", de Jorge Juan y Antonio de Ulloa (1735-1745) / _cLuis J. Ramos Gómez. |
| 260 |
_aMadrid : _bConsejo Superior de Investigaciones Científicas, Instituto "Gonzalo Fernández de Oviedo", _c1985. |
||
| 490 | 1 |
_aTierra nueva e cielo nuevo _vXVI |
|
| 500 | _aEdición crítica del texto original | ||
| 500 | _aMedio melienio del descubrimiento de América | ||
| 505 | 0 |
_gv.1 _tEl viaje a América (1735-1745), de los tenientes de navio Jorge Juan y Antonio de Ulloa, y sus consecuencias literarias, estudios histórico _gv. 2. _tEdición anotada del texto original de las Noticias secretas de América, de Jorge Juan y Antonio de Ulloa |
|
| 710 | 2 |
_aConsejo Superior de Investigaciones Científicas, (España) _963834 |
|
| 830 | 0 |
_aTierra nueva e cielo nuevo _vXVI _915388 |
|
| 999 |
_c39227 _d39227 |
||